|
|
|
|
| LEADER |
00878nam a2200193Ia 4500 |
| 001 |
CTU_223912 |
| 008 |
210402s9999 xx 000 0 und d |
| 020 |
|
|
|c 603000
|
| 082 |
|
|
|a 337
|
| 082 |
|
|
|b H972
|
| 100 |
|
|
|a Husted, Steven L.
|
| 245 |
|
0 |
|a International economics
|
| 245 |
|
0 |
|c Steven Husted, University of Pittsburgh, Michael Melvin, Arizona State University and BlackRock ; International edition contributions by Atanu Rakshit, Washington and Lee University ; editor in chief: Donna Battista.
|
| 260 |
|
|
|a Harlow
|
| 260 |
|
|
|b Pearson Education Limited
|
| 260 |
|
|
|c 2013
|
| 650 |
|
|
|a International economic relations,Chính sách thương mại,Tài chính quốc tế,Commercial policy,International finance,International finance,Quan hệ kinh tế quốc tế
|
| 910 |
|
|
|b vdbang
|
| 980 |
|
|
|a Trung tâm Học liệu Trường Đại học Cần Thơ
|